National Multi-sectoral Strategic Framework on HIV/AIDS ( 2003-2007) (Record no. 6813)

MARC details
000 -LEADER
fixed length control field 00454nam a22001217a 4500
008 - FIXED-LENGTH DATA ELEMENTS--GENERAL INFORMATION
fixed length control field 200330b ||||| |||| 00| 0 eng d
100 ## - MAIN ENTRY--PERSONAL NAME
Personal name The United Republic of Tanzania
245 ## - TITLE STATEMENT
Title National Multi-sectoral Strategic Framework on HIV/AIDS ( 2003-2007)
Statement of responsibility, etc. The United Republic of Tanzania
Medium English
260 ## - PUBLICATION, DISTRIBUTION, ETC. (IMPRINT)
Place of publication, distribution, etc. Dar Es Salaam
Name of publisher, distributor, etc. Prime Minister's
Date of publication, distribution, etc. 2003
300 ## - PHYSICAL DESCRIPTION
Extent vi,,82p.
Dimensions 26cm
650 ## - SUBJECT ADDED ENTRY--TOPICAL TERM
Source of heading or term Strategic framework on HIV/AIDS ( 2003-2007)
942 ## - ADDED ENTRY ELEMENTS (KOHA)
Source of classification or shelving scheme Dewey Decimal Classification
Koha item type BOOKS
Holdings
Withdrawn status Lost status Source of classification or shelving scheme Damaged status Not for loan Home library Current library Date acquired Total Checkouts Barcode Date last seen Price effective from Koha item type
    Dewey Decimal Classification     Mwanza Mwanza 30/03/2020   10000002307 30/03/2020 30/03/2020 BOOKS

IRDP © 2021 :: Managed by ICT Team